|
|
|
|
| LEADER |
00846naa a2200217 i 4500 |
| 001 |
acta36755 |
| 005 |
20210927131646.0 |
| 008 |
161117s2016 hu o 0|| hun d |
| 020 |
|
|
|a 978-963-09-8702-8
|
| 040 |
|
|
|a SZTE Egyetemi Kiadványok Repozitórium
|b hun
|
| 041 |
|
|
|a hun
|
| 100 |
2 |
|
|a Szentmártoni Szabó Géza
|
| 245 |
1 |
0 |
|a Istvánffy Miklós feljegyzése Mátyás király egykori római lovas képéről
|h [elektronikus dokumentum] /
|c Szentmártoni Szabó Géza
|
| 260 |
|
|
|c 2016
|
| 300 |
|
|
|a 660-667
|
| 490 |
0 |
|
|a MONOKgraphia
|
| 650 |
|
4 |
|a Bölcsészettudományok
|
| 650 |
|
4 |
|a Művészetek (művészetek, művészettörténet, előadóművészetek, zene)
|
| 695 |
|
|
|a I. Mátyás - király, Festészet - magyar - 17. sz.
|
| 700 |
0 |
1 |
|a Istvánffy Miklós
|
| 856 |
4 |
0 |
|u http://acta.bibl.u-szeged.hu/36755/1/monok60_099.pdf
|z Dokumentum-elérés
|